Guess the Famous People from their Eyes #3 - Statistics

General Stats
  • This quiz has been taken 1,007 times
  • The average score is 8 of 16
Answer Stats
Picture Answer % Correct
Morgan Freeman
87%
Britney Spears
70%
John Cena
65%
Julia Roberts
65%
Lionel Messi
64%
Bruce Lee
63%
Millie Bobby Brown
62%
Charlie Chaplin
57%
Audrey Hepburn
56%
Bill Clinton
51%
Christian Bale
46%
Emma Roberts
41%
Salma Hayek
16%
Venus Williams
15%
Catherine Middleton
14%
Shah Rukh Khan
11%
No matching quizzes found
Score Distribution
Percent of People with Each Score
Percentile by Number Answered
Your Score History
You have not taken this quiz